Směrná účtová osnova pro průmyslové podniky

Uložené v:
Podrobná bibliografia
Médium: Kniha
Jazyk:Czech
Vydavateľské údaje: Praha Tiskový podnik Ústředního svazu československého průmyslu 1947
Vydanie:2. vydání
Tagy: Pridať tag
Žiadne tagy, Buďte prvý, kto otaguje tento záznam!

MARC

LEADER 00000nam a2200000 4500
001 0268965
005 20240822101713.6
041 0 |a cze 
044 |a -CS 
245 1 0 |a Směrná účtová osnova pro průmyslové podniky 
250 |a 2. vydání 
264 1 |a Praha  |b Tiskový podnik Ústředního svazu československého průmyslu  |c 1947